Olympischer Medaillenspiegel - Volleyball - Statistiken

Allgemein
  • Dieses Quiz wurde 101 mal gespielt
    44 seit der letzten Aktualisierung
  • Das Durchschnittsergebnis liegt bei 13 aus 17
Antwortstatistiken
Gesamt Gold Silber Bronze Land % Korrekt
2 0 2 0 DDR
100%
12 5 4 3 Brasilien
98%
9 3 3 3 Japan
98%
13 4 4 5 Vereinigte Staaten
98%
2 2 0 0 Frankreich
95%
6 3 1 2 China
90%
7 1 3 3 Italien
90%
4 1 1 2 Polen
83%
6 1 3 2 Russland
83%
2 0 0 2 Argentinien
78%
2 1 1 0 Niederlande
75%
2 0 1 1 Serbien
68%
12 7 4 1 Sowjetunion
68%
2 0 1 1 Bulgarien
58%
2 1 0 1 Jugoslawien
48%
5 3 0 2 Kuba
43%
2 0 1 1 Tschechoslowakei
43%
Keine übereinstimmenden Quizze gefunden
Verteilung der Resultate
Anzahl Personen mit jedem Resultat
Perzentil nach korrekt beantworteten Fragen
Ihre Resultats-Entwicklung
Sie haben dieses Quiz seit der letzten Aktualisierung nicht gespielt